Presentation skills 201 : (Record no. 7815)

MARC details
000 -LEADER
fixed length control field 00485nam a22001457a 4500
008 - FIXED-LENGTH DATA ELEMENTS--GENERAL INFORMATION
fixed length control field 190410b ||||| |||| 00| 0 eng d
020 ## - INTERNATIONAL STANDARD BOOK NUMBER
International Standard Book Number 9781432738402
082 ## - DEWEY DECIMAL CLASSIFICATION NUMBER
Classification number 658.4 S82p 2009
100 ## - MAIN ENTRY--PERSONAL NAME
Personal name Steele, William R
245 ## - TITLE STATEMENT
Title Presentation skills 201 :
Remainder of title how to take it to the next level as a confident, engaging presenter
260 ## - PUBLICATION, DISTRIBUTION, ETC.
Place of publication, distribution, etc. Denver, CO :
Name of publisher, distributor, etc. Outskirts Press,
Date of publication, distribution, etc. 2009.
300 ## - PHYSICAL DESCRIPTION
Extent x, 163 p. ;
Dimensions 22 cm
650 ## - SUBJECT ADDED ENTRY--TOPICAL TERM
Topical term or geographic name entry element Business presentations and Public speaking
942 ## - Added entry Elements (Koha)
Source of classification or shelving scheme Dewey Decimal Classification
Holdings
Withdrawn status Lost status Source of classification or shelving scheme Damaged status Not for loan Collection code Home library Current library Shelving location Date acquired Serial Enumeration / chronology Total Checkouts Full call number Barcode Date last seen Price effective from Koha item type Date last checked out
    Dewey Decimal Classification     Main TEST RTC Library RTC Library Main opac 10/04/2019 13342   658.4 STE 30013703 10/04/2019 10/04/2019 Main  
    Dewey Decimal Classification     Main TEST RTC Library RTC Library Main opac 10/04/2019 13343 2 658.4 STE 30013211 08/11/2022 10/04/2019 Main 28/10/2022
Royal Thimphu College || All Right Reserved